| 000 | 00399nam a2200145Ia 4500 | ||
|---|---|---|---|
| 005 | 20250729165733.0 | ||
| 008 | 250729s2013 xx 000 0 und d | ||
| 041 | _aeng | ||
| 082 | _a420.70 FRAW | ||
| 100 |
_aFrancoise Grellet _9231771 |
||
| 245 | _aWriting for Advanced Learners of English | ||
| 260 |
_aNew Delhi _bCambridge University Press _c2013 |
||
| 300 | _a136p | ||
| 650 |
_aEnglish _9231772 |
||
| 999 |
_c239448 _d239448 |
||